| 000 | 00456nam a2200193Ia 4500 | ||
|---|---|---|---|
| 003 | OSt | ||
| 005 | 20260305142954.0 | ||
| 008 | 250729s1956 xx 000 0 und d | ||
| 020 | _a978-0195050806 | ||
| 040 | _cAL | ||
| 041 | _aeng | ||
| 082 | _a900 SOMA | ||
| 100 |
_aD C Somervell _9229867 |
||
| 245 | _aA study of history | ||
| 260 |
_aNewyork _boxford University Press _c1956 |
||
| 300 | _a617p | ||
| 650 |
_aHistory _9229868 |
||
| 942 |
_2ddc _cBED |
||
| 999 |
_c238496 _d238496 |
||